000 00285nam a22001337a 4500
008 170201b xxu||||| |||| 00| 0 eng d
020 _a0815159455
041 _aeng
080 _22ND
_a61
100 _a3
101 _aSHM
245 _aDIGESTIVE DISEASE
_cMOODY, F.G
942 _2udc
_cBK
999 _c4223
_d4223